[Event "ICS rated blitz match"]
[Site "204.178.125.65"]
[Date "1999.08.03"]
[Round "?"]
[White "High-Command"]
[Black "Hossa"]
[Result "1-0"]
[WhiteElo "2405"]
[BlackElo "2462"]
[PlyCount "104"]
[EventDate "1999.??.??"]

1. e4 e6 2. d4 d5 3. e5 c5 4. c3 Nc6 5. Nf3 cxd4 6. cxd4 Bb4+ 7. Nc3 Nge7 8.
Bd3 Bd7 9. O-O Rc8 10. Ne2 O-O 11. a3 Ba5 12. b4 Bb6 13. Bd2 a6 14. a4 f6 15.
b5 axb5 16. axb5 Nxd4 17. Nexd4 Bxd4 18. Nxd4 fxe5 19. Nb3 Qe8 20. Bb4 Rf7 21.
Ra5 e4 22. Be2 b6 23. Ra6 Bxb5 24. Rxb6 Bxe2 25. Qxe2 Nc6 26. Bd2 e5 27. Qb5
Qd7 28. Rc1 Na7 29. Qxd7 Rxd7 30. Re6 Rb7 31. Rxe5 Rxb3 32. Rxc8+ Nxc8 33. Re8+
Kf7 34. Rxc8 d4 35. Kf1 d3 36. Ke1 Kg6 37. Rc6+ Kf5 38. Bc3 Rb1+ 39. Kd2 Rf1
40. Ke3 h6 41. Rc5+ Kg6 42. Rc7 Kf5 43. Rxg7 Rc1 44. g4+ Ke6 45. Bd2 Rc2 46.
Rg6+ Kd5 47. Rxh6 Rc4 48. g5 Rc8 49. g6 Rg8 50. Rh5+ Kc4 51. Rg5 Kb3 52. h4
52... Rc8 {Hossa resigns} 1-0

[Event "ICS rated blitz match"]
[Site "204.178.125.65"]
[Date "1999.08.03"]
[Round "?"]
[White "JudgeTurpin"]
[Black "Hossa"]
[Result "1/2-1/2"]
[WhiteElo "2618"]
[BlackElo "2462"]
[PlyCount "82"]
[EventDate "1999.??.??"]

1. c4 c6 2. Nf3 d5 3. d4 Bf5 4. Nc3 e6 5. Qb3 b6 6. e3 Bd6 7. Bd2 Ne7 8. Be2
O-O 9. O-O Nd7 10. cxd5 exd5 11. Rac1 Qb8 12. Rfe1 Bg4 13. h3 Bf5 14. Nh4 Be6
15. Qc2 Bh2+ 16. Kh1 c5 17. Bd3 Nf6 18. dxc5 bxc5 19. Nf3 Bd6 20. Ng5 h6 21.
Nf3 c4 22. Be2 Bf5 23. Qd1 Qxb2 24. Nd4 Ne4 25. Nxe4 Bxe4 26. Bc3 Qb6 27. Qa4
Nf5 28. Nxf5 Bxf5 29. Red1 Qc5 30. Bf3 Be6 31. Rb1 Bb8 32. Bb4 Qc7 33. g3 Rd8
34. Ba5 Qd7 35. Qb5 Qxb5 36. Rxb5 a6 37. Rb7 Rd6 38. Bb4 Rd8 39. Ba5 Rd6 40.
Bb4 Rd8 41. Ba5 41... Rd6 {Game drawn by repetition} 1/2-1/2

[Event "ICS rated blitz match"]
[Site "204.178.125.65"]
[Date "1999.08.03"]
[Round "?"]
[White "VESta"]
[Black "Hossa"]
[Result "0-1"]
[WhiteElo "2322"]
[BlackElo "2469"]
[PlyCount "140"]
[EventDate "1999.??.??"]

1. e4 e6 2. d4 d5 3. exd5 exd5 4. Bd3 c5 5. c3 cxd4 6. cxd4 Bb4+ 7. Nc3 Nc6 8.
Nf3 Bg4 9. O-O Nxd4 10. Qa4+ Nc6 11. Ne5 Bxc3 12. Nxc6 Bd7 13. Nxd8 Bxa4 14.
Nxb7 Bb4 15. a3 Be7 16. Re1 Kd7 17. Be3 Kc7 18. Nc5 Bc6 19. Rac1 Bd6 20. b4 Be5
21. b5 Be8 22. a4 g6 23. Be2 f6 24. Bf3 Ne7 25. Red1 Bf7 26. Na6+ Kb7 27. Nc5+
Kc7 28. Na6+ Kb7 29. Nb4 Rad8 30. Nc6 Nxc6 31. Rxc6 Rd7 32. a5 Rhd8 33. a6+ Kb8
34. Rdc1 d4 35. Bd2 Re8 36. b6 Bb3 37. Rb1 Ba2 38. Rbc1 Bb3 39. b7 Rc7 40. Ba5
Rxc6 41. Rxc6 f5 42. g3 Ba4 43. Rc1 Bb5 44. Bc6 Bxc6 45. Rxc6 f4 46. Kf1 d3 47.
Bb4 Rd8 48. Bd2 fxg3 49. hxg3 Rf8 50. f4 Bc7 51. Kf2 g5 52. Kf3 gxf4 53. gxf4
Re8 54. Rf6 Rd8 55. Rf7 Rd6 56. f5 Rxa6 57. Rf8+ Kxb7 58. f6 Be5 59. f7 Bg7 60.
Ke4 Bxf8 61. Bf4 Ra4+ 62. Kxd3 Rxf4 63. Ke3 Bd6 64. Ke2 Rxf7 65. Ke3 Kc6 66.
Ke4 Rf4+ 67. Ke3 Kd5 68. Ke2 Kd4 69. Ke1 Kd3 70. Kd1 70... Rf1# {
VESta checkmated} 0-1

[Event "ICS rated blitz match"]
[Site "204.178.125.65"]
[Date "1999.08.03"]
[Round "?"]
[White "Hossa"]
[Black "knightmare51"]
[Result "1-0"]
[WhiteElo "2479"]
[BlackElo "2267"]
[PlyCount "105"]
[EventDate "1999.??.??"]

1. d4 f5 2. c4 Nf6 3. Nc3 g6 4. f3 Bg7 5. Bg5 O-O 6. e3 d6 7. Qd3 e5 8. O-O-O
Nc6 9. Nd5 exd4 10. exd4 Ne7 11. Nxf6+ Bxf6 12. Bxf6 Rxf6 13. d5 f4 14. Qd4 Rf7
15. Ne2 Qf8 16. Re1 Qg7 17. Qxg7+ Kxg7 18. Nxf4 Rxf4 19. Rxe7+ Rf7 20. Rxf7+
Kxf7 21. Bd3 Bd7 22. Re1 Rg8 23. b4 b6 24. Kc2 h5 25. f4 g5 26. f5 g4 27. Rf1
g3 28. h3 Kf6 29. a3 Rg5 30. b5 h4 31. Rf4 Rh5 32. Kd2 Rh8 33. a4 Ke5 34. Ke3
Rh5 35. f6 Rh8 36. f7 Rf8 37. Bh7 Bc8 38. Kf3 Bd7 39. Bg6 Bc8 40. Rxh4 a6 41.
Re4+ Kf6 42. Re8 Kg7 43. Kxg3 axb5 44. Rxf8 Kxf8 45. axb5 Bd7 46. Kf4 Kg7 47.
h4 Bc8 48. h5 c6 49. h6+ Kf8 50. h7 cxd5 51. h8=Q+ Ke7 52. Qe8+ Kf6 53. f8=Q# {
knightmare51 checkmated} 1-0

[Event "ICS rated blitz match"]
[Site "204.178.125.65"]
[Date "1999.08.03"]
[Round "?"]
[White "knightmare51"]
[Black "Hossa"]
[Result "0-1"]
[WhiteElo "2260"]
[BlackElo "2486"]
[PlyCount "36"]
[EventDate "1999.??.??"]

1. e4 e6 2. d4 d5 3. Nc3 Bb4 4. Bd2 dxe4 5. Qg4 Qxd4 6. O-O-O f5 7. Qg3 Bd6 8.
Nb5 Bxg3 9. Nxd4 Bxf2 10. Nh3 Bxd4 11. Bg5 Nc6 12. Bb5 Bf6 13. Bxc6+ bxc6 14.
Rd2 Rb8 15. Rhd1 Bxb2+ 16. Kb1 Bc3+ 17. Kc1 Bxd2+ 18. Rxd2 18... Nf6 {
knightmare51 resigns} 0-1

[Event "ICS Rated blitz match"]
[Site "204.178.125.65"]
[Date "1999.08.03"]
[Round "?"]
[White "Hossa"]
[Black "THEDEVIL"]
[Result "1/2-1/2"]
[WhiteElo "2493"]
[BlackElo "2400"]
[PlyCount "93"]
[EventDate "1999.??.??"]

1. e4 c6 2. d4 d5 3. exd5 cxd5 4. Nf3 g6 5. Bb5+ Nc6 6. Ne5 Bd7 7. Bxc6 Bxc6 8.
O-O Bg7 9. Re1 Nf6 10. c4 O-O 11. cxd5 Bxd5 12. Nc3 Rc8 13. Bg5 a6 14. Qd2 Qd6
15. Bh6 Rfd8 16. Red1 b5 17. Qg5 Bb7 18. Bxg7 Kxg7 19. Rac1 h6 20. Qd2 Qe6 21.
a3 Qf5 22. f3 Rd6 23. b3 Rcd8 24. Qf2 Nd7 25. Ng4 Nf6 26. Qh4 Nxg4 27. fxg4 Qg5
28. Qxg5 hxg5 29. Re1 e6 30. Ne2 Bd5 31. Rc3 Rc6 32. Rxc6 Bxc6 33. Rc1 Bd5 34.
Rc3 Be4 35. h3 Kf6 36. Kf1 Rd6 37. Kf2 Bd5 38. a4 b4 39. Re3 a5 40. Ng3 Rc6 41.
Ne4+ Bxe4 42. Rxe4 Rc2+ 43. Re2 Rc3 44. Re3 Rc2+ 45. Re2 Rc1 46. Re1 Rc2+ 47.
Re2 {Game drawn by repetition} 1/2-1/2

[Event "ICS Rated blitz match"]
[Site "204.178.125.65"]
[Date "1999.08.03"]
[Round "?"]
[White "Hossa"]
[Black "THEDEVIL"]
[Result "1-0"]
[WhiteElo "2522"]
[BlackElo "2371"]
[PlyCount "57"]
[EventDate "1999.??.??"]

1. d4 d5 2. c4 e6 3. Nc3 c5 4. cxd5 cxd4 5. Qa4+ Bd7 6. Qxd4 exd5 7. Qxd5 Nc6
8. e4 Nf6 9. Qg5 Bb4 10. Qxg7 Rg8 11. Qh6 Qe7 12. f3 O-O-O 13. Bd2 Kb8 14.
O-O-O Be6 15. Nge2 Ka8 16. g4 Ne5 17. g5 Nfd7 18. Bg2 Nd3+ 19. Kc2 Nf2 20. Bf4
Nxh1 21. Bxh1 Nc5 22. Qxh7 Rxd1 23. Qxg8+ Rd8 24. Qg7 Qd7 25. b3 Qd3+ 26. Kb2
Bh3 27. Nc1 Qf1 28. Nd5 Ba3+ 29. Kxa3 {THEDEVIL resigns} 1-0

[Event "ICS Rated blitz match"]
[Site "204.178.125.65"]
[Date "1999.08.03"]
[Round "?"]
[White "THEDEVIL"]
[Black "Hossa"]
[Result "1-0"]
[WhiteElo "2362"]
[BlackElo "2531"]
[PlyCount "82"]
[EventDate "1999.??.??"]

1. d4 d5 2. c4 Nc6 3. cxd5 Qxd5 4. Nf3 Bf5 5. Nc3 Qa5 6. Bd2 O-O-O 7. e4 Nxd4
8. exf5 Qxf5 9. Nxd4 Rxd4 10. Qf3 Qxf3 11. gxf3 Kb8 12. O-O-O e5 13. Bh3 Bb4
14. Be3 Bxc3 15. bxc3 Rxd1+ 16. Rxd1 Nf6 17. Bg5 Rf8 18. Bxf6 gxf6 19. Rd7 h5
20. Bf5 a6 21. Kd2 a5 22. a4 b6 23. h4 Kb7 24. Be4+ Kc8 25. Bf5 Kb7 26. Kd3 Kc6
27. Kc4 Kb7 28. Kb5 Re8 29. Be4+ Kc8 30. Rxf7 Rd8 31. Rxf6 Rd2 32. Kc6 Rd8 33.
Bf5+ Kb8 34. Bd7 Rg8 35. Re6 Rg7 36. Rxe5 Rg6+ 37. Re6 Rg7 38. Re8+ Ka7 39.
Kxc7 Rf7 40. Re3 Rg7 41. f4 41... Rg1 {Hossa resigns} 1-0

[Event "ICS Rated blitz match"]
[Site "204.178.125.65"]
[Date "1999.08.03"]
[Round "?"]
[White "Hossa"]
[Black "THEDEVIL"]
[Result "1-0"]
[WhiteElo "2529"]
[BlackElo "2364"]
[PlyCount "29"]
[EventDate "1999.??.??"]

1. d4 c5 2. d5 Nf6 3. c4 e5 4. Nc3 d6 5. e4 g6 6. f4 exf4 7. Bxf4 a6 8. Qa4+
Bd7 9. Qb3 Bc8 10. Nf3 Qe7 11. Bd3 Bg7 12. Qb6 Bf8 13. O-O Nfd7 14. Qc7 Qd8 15.
Bxd6 {THEDEVIL resigns} 1-0

[Event "ICS Rated blitz match"]
[Site "204.178.125.65"]
[Date "1999.08.03"]
[Round "?"]
[White "THEDEVIL"]
[Black "Hossa"]
[Result "0-1"]
[WhiteElo "2355"]
[BlackElo "2538"]
[PlyCount "70"]
[EventDate "1999.??.??"]

1. d4 d5 2. Nf3 Nf6 3. g3 e6 4. Bg2 Bb4+ 5. Bd2 Bd6 6. O-O O-O 7. c4 c5 8. cxd5
exd5 9. dxc5 Bxc5 10. a3 Ne4 11. b4 Qf6 12. Ra2 Bb6 13. Qc1 a5 14. Qb2 Qxb2 15.
Rxb2 axb4 16. Bxb4 Rd8 17. e3 Nc6 18. Nbd2 Bd7 19. Rd1 Rac8 20. h3 Bc7 21. Nb3
Bf5 22. Nbd4 Nxd4 23. Nxd4 Bg6 24. Rc1 Be5 25. Rbc2 Rxc2 26. Rxc2 Nxg3 27. fxg3
Bxd4 28. Rc7 Bxe3+ 29. Kh2 d4 30. Bxb7 d3 31. Bf3 d2 32. Bd1 h6 33. a4 Rb8 34.
Bd6 Rb1 35. Bf3 35... Rf1 {THEDEVIL resigns} 0-1

[Event "ICS Rated blitz match"]
[Site "204.178.125.65"]
[Date "1999.08.03"]
[Round "?"]
[White "Hossa"]
[Black "THEDEVIL"]
[Result "1-0"]
[WhiteElo "2561"]
[BlackElo "2332"]
[PlyCount "41"]
[EventDate "1999.??.??"]

1. d4 c5 2. d5 e5 3. e4 d6 4. Bb5+ Nd7 5. Ne2 a6 6. Bxd7+ Bxd7 7. O-O g6 8. f4
Bg7 9. fxe5 Bxe5 10. Nbc3 Qe7 11. Bf4 Bg4 12. Bxe5 Qxe5 13. h3 Bxe2 14. Qxe2
Ne7 15. Rae1 O-O 16. Qg4 Rad8 17. a3 Qd4+ 18. Kh1 Rfe8 19. Qg5 Kg7 20. e5 dxe5
21. Re4 {THEDEVIL resigns} 1-0

[Event "ICS Rated blitz match"]
[Site "204.178.125.65"]
[Date "1999.08.03"]
[Round "?"]
[White "THEDEVIL"]
[Black "Hossa"]
[Result "0-1"]
[WhiteElo "2325"]
[BlackElo "2568"]
[PlyCount "36"]
[EventDate "1999.??.??"]

1. d4 d5 2. c4 e5 3. dxe5 dxc4 4. e4 Qxd1+ 5. Kxd1 Nc6 6. f4 Be6 7. a3 O-O-O+
8. Bd2 f6 9. f5 c3 10. Nxc3 Bb3+ 11. Kc1 fxe5 12. Nf3 Nf6 13. h3 Bc5 14. Be2
Nd4 15. Bd1 Bxd1 16. Kxd1 Nb3 17. Rb1 Nxd2 18. Nxd2 18... Be3 {THEDEVIL resigns
} 0-1

[Event "ICS Rated blitz match"]
[Site "204.178.125.65"]
[Date "1999.08.03"]
[Round "?"]
[White "THEDEVIL"]
[Black "Hossa"]
[Result "0-1"]
[WhiteElo "2340"]
[BlackElo "2548"]
[PlyCount "106"]
[EventDate "1999.??.??"]

1. d4 d5 2. e3 Bf5 3. c4 Nf6 4. Nc3 Nc6 5. Bd3 Bxd3 6. Qxd3 e6 7. Nf3 Bb4 8.
O-O Bxc3 9. Qxc3 Ne4 10. Qc2 O-O 11. a3 Qd6 12. b4 Rae8 13. Bb2 Qd7 14. Rac1 a6
15. cxd5 exd5 16. Nd2 Nxd2 17. Qxd2 Qd6 18. Rc5 Re4 19. Rfc1 Rh4 20. g3 Rh3 21.
a4 Nxb4 22. Qxb4 b6 23. Qc3 bxc5 24. dxc5 Qh6 25. c6 Re8 26. Qd4 Rh5 27. h4 Ra8
28. Qb4 Qe6 29. Qb7 Qc8 30. Qb4 Rb8 31. Qc3 Qg4 32. Qd4 Rb4 33. Qxg4 Rxg4 34.
Kf1 Rxa4 35. Bd4 Rc4 36. Ra1 Rxc6 37. Ra5 Re6 38. Kg2 Kf8 39. Kf3 Rf5+ 40. Kg2
h5 41. Kg1 g6 42. Kg2 Ke8 43. Kg1 Kd7 44. Kg2 f6 45. Kg1 g5 46. Kg2 g4 47. Kg1
Ke8 48. Kg2 Kf7 49. Kg1 Kg6 50. Kg2 Rc6 51. Kg1 Rc2 52. Kg2 Rcxf2+ 53. Kg1
53... Rf1+ {THEDEVIL resigns} 0-1

[Event "ICS Rated blitz match"]
[Site "204.178.125.65"]
[Date "1999.08.03"]
[Round "?"]
[White "Hossa"]
[Black "THEDEVIL"]
[Result "1-0"]
[WhiteElo "2555"]
[BlackElo "2333"]
[PlyCount "179"]
[EventDate "1999.??.??"]

1. d4 c5 2. d5 e5 3. e4 d6 4. Bb5+ Bd7 5. Bxd7+ Nxd7 6. Ne2 g6 7. f4 exf4 8.
O-O Bg7 9. Rxf4 Ngf6 10. Nbc3 a6 11. Rf2 Qe7 12. Bg5 h6 13. Bxf6 Bxf6 14. Qd3
O-O 15. Qd2 Bg7 16. Raf1 Ne5 17. a3 b5 18. Rf4 Rab8 19. b3 Rfc8 20. a4 b4 21.
Nd1 a5 22. Ne3 Rf8 23. R1f2 Rbc8 24. Kh1 Qa7 25. c3 Qb6 26. c4 Qc7 27. Rf1 Qe7
28. Kg1 Rce8 29. Re1 Kh7 30. Rf2 Kg8 31. Rff1 Kh7 32. Qc2 Kg8 33. Rf4 Kh7 34.
Rf2 Kg8 35. Ng3 Kh7 36. Qe2 Qd7 37. Rf4 Qd8 38. Ref1 Qd7 39. Ng4 Nxg4 40. Qxg4
Qxg4 41. Rxg4 Bd4+ 42. Kh1 Be5 43. Rh4 Kg7 44. Rf3 Re7 45. Rg4 Bxg3 46. hxg3
Rfe8 47. Rgf4 Rf8 48. Rg4 Rfe8 49. Rgf4 Rf8 50. Rg4 g5 51. Rf5 f6 52. e5 Rxe5
53. Rxe5 fxe5 54. Re4 Rf1+ 55. Kh2 Rc1 56. Re2 Rc3 57. Rb2 h5 58. Rb1 Kg6 59.
Rb2 Kf5 60. Rf2+ Kg4 61. Rf6 Rxb3 62. Rxd6 Rc3 63. Ra6 Rxc4 64. Rxa5 b3 65. d6
Rd4 66. Rxc5 Rxd6 67. Rxe5 Rb6 68. Re1 b2 69. Rb1 Kf5 70. Kg1 Ke4 71. a5 Rb5
72. a6 Kd3 73. a7 Ra5 74. Rxb2 Rxa7 75. g4 h4 76. Rb5 Ra1+ 77. Kh2 Ke3 78. Rf5
Ra3 79. Rf3+ Ke4 80. Rxa3 Kf4 81. g3+ Kxg4 82. gxh4 gxh4 83. Re3 Kg5 84. Rf3
Kg4 85. Rf2 Kg5 86. Kh3 Kg6 87. Kxh4 Kg7 88. Kg5 Kg8 89. Kh6 Kh8 90. Rf8# {
THEDEVIL checkmated} 1-0

[Event "ICS Rated blitz match"]
[Site "204.178.125.65"]
[Date "1999.08.03"]
[Round "?"]
[White "Hossa"]
[Black "THEDEVIL"]
[Result "1-0"]
[WhiteElo "2569"]
[BlackElo "2319"]
[PlyCount "67"]
[EventDate "1999.??.??"]

1. d4 c5 2. d5 e5 3. e4 d6 4. Bb5+ Bd7 5. Bxd7+ Nxd7 6. Ne2 g6 7. f4 exf4 8.
O-O Bg7 9. Rxf4 Ngf6 10. Nbc3 a6 11. Rf2 h6 12. Bf4 Qe7 13. Ng3 O-O 14. a4 b6
15. b3 Ne5 16. Qe2 Rae8 17. Qxa6 Nfg4 18. Rff1 Nd7 19. Nge2 g5 20. Bg3 Bd4+ 21.
Nxd4 cxd4 22. Nd1 Qxe4 23. Bxd6 Qxd5 24. Bxf8 Rxf8 25. Qe2 Nge5 26. Nf2 f6 27.
Qh5 Kg7 28. Rad1 Nc5 29. h4 d3 30. hxg5 hxg5 31. Qh3 Qd4 32. cxd3 Nxb3 33. Qe6
Rf7 34. Qxb3 {THEDEVIL resigns} 1-0

[Event "ICS Rated blitz match"]
[Site "204.178.125.65"]
[Date "1999.08.03"]
[Round "?"]
[White "mutsnuts"]
[Black "Hossa"]
[Result "0-1"]
[WhiteElo "2253"]
[BlackElo "2575"]
[PlyCount "32"]
[EventDate "1999.??.??"]

1. d3 Nf6 2. g3 e5 3. Bg2 Bb4+ 4. Nd2 d5 5. c3 Bc5 6. e4 Ng4 7. Nh3 Bxf2+ 8.
Nxf2 Ne3 9. Qf3 Nc2+ 10. Ke2 Nxa1 11. exd5 O-O 12. Nde4 f5 13. Bg5 fxe4 14.
Bxd8 exf3+ 15. Bxf3 Rxd8 16. Rxa1 16... Nd7 {mutsnuts resigns} 0-1

[Event "ICS Rated blitz match"]
[Site "204.178.125.65"]
[Date "1999.08.03"]
[Round "?"]
[White "Hossa"]
[Black "moggy"]
[Result "1-0"]
[WhiteElo "2579"]
[BlackElo "2391"]
[PlyCount "47"]
[EventDate "1999.??.??"]

1. d4 e6 2. Bf4 c5 3. dxc5 Bxc5 4. Bd6 Bxd6 5. Qxd6 Ne7 6. e4 O-O 7. Nc3 f5 8.
e5 Nbc6 9. Bb5 Qb6 10. Nge2 a6 11. Bxc6 bxc6 12. Qxe7 Qxb2 13. Rc1 a5 14. O-O
Rf7 15. Qd6 Qb6 16. Rb1 Qd8 17. Rfd1 Rf8 18. Nf4 Qg5 19. Nce2 a4 20. Rb6 h6 21.
Rdb1 Ra5 22. Rb8 a3 23. Qc7 Rc5 24. Rxc8 {moggy resigns} 1-0

[Event "ICS Rated blitz match"]
[Site "204.178.125.65"]
[Date "1999.08.03"]
[Round "?"]
[White "Yousef"]
[Black "Hossa"]
[Result "0-1"]
[WhiteElo "2075"]
[BlackElo "2587"]
[PlyCount "80"]
[EventDate "1999.??.??"]

1. d4 e6 2. c4 d5 3. Nc3 Bb4 4. Nf3 Ne7 5. Bg5 O-O 6. cxd5 exd5 7. e3 c5 8.
dxc5 f6 9. Bf4 Bxc3+ 10. bxc3 Qa5 11. Qb3 Qxc5 12. Bd3 Nbc6 13. O-O Bg4 14. Nd4
Ne5 15. Bc2 b6 16. h3 Bd7 17. Rad1 N7g6 18. Bg3 Rf7 19. Ne2 Bc6 20. Nf4 Nxf4
21. exf4 Nd7 22. Rfe1 Rd8 23. Rd2 Re7 24. Rxe7 Qxe7 25. Rd1 Nc5 26. Qb1 Ne4 27.
Bxe4 dxe4 28. Rxd8+ Qxd8 29. Qc1 f5 30. Qe3 Qd1+ 31. Kh2 Bd5 32. Qd4 Qxd4 33.
cxd4 Bxa2 34. f3 exf3 35. gxf3 a5 36. Be1 Bc4 37. Kg2 Kf7 38. Kf2 Ke6 39. Bc3
Kd5 40. Ke3 40... Ba6 {Yousef resigns} 0-1

[Event "ICS Rated blitz match"]
[Site "204.178.125.65"]
[Date "1999.08.03"]
[Round "?"]
[White "THEDEVIL"]
[Black "Hossa"]
[Result "0-1"]
[WhiteElo "2308"]
[BlackElo "2589"]
[PlyCount "130"]
[EventDate "1999.??.??"]

1. d4 d5 2. Nf3 Nf6 3. g3 e6 4. Bg2 Bb4+ 5. c3 Bd6 6. O-O Nbd7 7. c4 O-O 8. b3
c5 9. cxd5 exd5 10. dxc5 Bxc5 11. Bb2 Nb6 12. h3 Be6 13. e3 Ne4 14. Nc3 Nxc3
15. Bxc3 Rc8 16. Bd4 Ba3 17. Qd2 Nd7 18. Bb2 Bxb2 19. Qxb2 Nc5 20. Nd4 Qd7 21.
Kh2 Bf5 22. Nxf5 Qxf5 23. Rad1 Ne4 24. Rd4 Nf6 25. Rd2 Rc5 26. Rfd1 Ne4 27.
Bxe4 Qxe4 28. Qd4 Qxd4 29. Rxd4 Rc2 30. R1d2 Rxd2 31. Rxd2 Rd8 32. e4 d4 33.
Kg2 g6 34. Kf3 f6 35. Ke2 b5 36. Kd3 Kf7 37. Rc2 Rd7 38. Rc5 f5 39. exf5 a6 40.
fxg6+ hxg6 41. Rc6 a5 42. Rb6 b4 43. Ra6 Rd5 44. Rc6 g5 45. Rc4 Rf5 46. f4 gxf4
47. g4 Rf6 48. Rxd4 f3 49. g5 f2 50. gxf6 f1=Q+ 51. Kd2 Qf2+ 52. Kd3 Qxa2 53.
Kc4 Qc2+ 54. Kb5 Kxf6 55. Ka4 Qc6+ 56. Kxa5 Qc5+ 57. Ka4 Qxd4 58. Ka5 Qc3 59.
Ka4 Qxh3 60. Ka5 Qxb3 61. Kb5 Ke7 62. Kc5 Qd3 63. Kb6 Kd6 64. Ka5 Kc5 65. Ka4
65... Qa3# {THEDEVIL checkmated} 0-1

[Event "ICS Rated blitz match"]
[Site "204.178.125.65"]
[Date "1999.08.03"]
[Round "?"]
[White "Hossa"]
[Black "THEDEVIL"]
[Result "1-0"]
[WhiteElo "2594"]
[BlackElo "2303"]
[PlyCount "73"]
[EventDate "1999.??.??"]

1. d4 c5 2. d5 e5 3. e4 d6 4. Bb5+ Bd7 5. Bxd7+ Nxd7 6. Ne2 g6 7. f4 exf4 8.
O-O Bg7 9. Rxf4 Ngf6 10. Nbc3 a6 11. Rf2 h6 12. Bf4 Qe7 13. Ng3 O-O 14. a4 b6
15. b3 Ne5 16. Qe2 Nfd7 17. Bd2 Kh7 18. Re1 Kg8 19. Be3 Kh7 20. Rff1 Kg8 21.
Rf4 Kh7 22. Qf2 Kg8 23. Qf1 Kh7 24. Nge2 Kg8 25. Qf2 Kh7 26. Qg3 Kg8 27. Qh3
Nf6 28. Ref1 Nfd7 29. a5 b5 30. Re1 Rae8 31. Nb1 Nf6 32. Nd2 Ned7 33. Rff1 Ne5
34. Bxh6 Bxh6 35. Qxh6 Neg4 36. Qf4 Qe5 37. h3 {THEDEVIL resigns} 1-0

[Event "ICS Rated blitz match"]
[Site "204.178.125.65"]
[Date "1999.08.03"]
[Round "?"]
[White "THEDEVIL"]
[Black "Hossa"]
[Result "0-1"]
[WhiteElo "2298"]
[BlackElo "2599"]
[PlyCount "66"]
[EventDate "1999.??.??"]

1. d4 d5 2. Nf3 Nf6 3. g3 e6 4. Bg2 Bb4+ 5. c3 Bd6 6. O-O Nbd7 7. b3 O-O 8. Bb2
c5 9. Nbd2 Qe7 10. c4 cxd4 11. Nxd4 e5 12. Nf5 Qe6 13. Nxd6 Qxd6 14. cxd5 Nb6
15. e4 Bg4 16. f3 Bd7 17. Rc1 Bb5 18. Re1 Rac8 19. Bh3 Bd7 20. Bxd7 Nfxd7 21.
Qe2 f6 22. Nc4 Nxc4 23. Rxc4 Nb6 24. Rcc1 Nd7 25. Qf2 a6 26. Qe3 Rcd8 27. Rc2
f5 28. Rf1 f4 29. Qe2 fxg3 30. hxg3 Qg6 31. Qg2 Qf6 32. Ba3 Rf7 33. Rc7 33...
Qb6+ {THEDEVIL resigns} 0-1

[Event "ICS Rated blitz match"]
[Site "204.178.125.65"]
[Date "1999.08.03"]
[Round "?"]
[White "Hossa"]
[Black "THEDEVIL"]
[Result "1-0"]
[WhiteElo "2604"]
[BlackElo "2293"]
[PlyCount "143"]
[EventDate "1999.??.??"]

1. d4 c5 2. d5 e5 3. e4 d6 4. Bb5+ Bd7 5. Bxd7+ Nxd7 6. Ne2 g6 7. f4 exf4 8.
O-O Bg7 9. Rxf4 Ngf6 10. Nbc3 a6 11. Rf2 h6 12. Bf4 Qe7 13. Ng3 O-O 14. a4 b6
15. b3 Ne5 16. Qe2 Kh7 17. Raf1 Nfg4 18. Bxe5 Nxe5 19. Rf4 Qd7 20. a5 b5 21.
Qf2 Qc7 22. Nce2 Qxa5 23. Rd1 Qc7 24. Nc3 Qb6 25. Qe3 a5 26. Nge2 a4 27. bxa4
bxa4 28. Rb1 Qa6 29. Ra1 a3 30. Ra2 Qc4 31. Qc1 Qb4 32. Ra1 Rfb8 33. Rb1 Qc4
34. Rxb8 Rxb8 35. Qxa3 Qb4 36. Qa7 Rb7 37. Qa6 Qb6 38. Qa3 Qb4 39. Qa8 Rb8 40.
Qa6 Qb6 41. Qa4 Qb4 42. Qa1 Rb7 43. Qa2 h5 44. Qa8 Rb8 45. Qa7 Rb7 46. Qa6 Qb6
47. Qa1 Ng4 48. Qf1 Qb2 49. h3 Ne5 50. Qd1 Rb4 51. Rf2 Bh6 52. Rf6 Rb6 53. Na4
Qb4 54. Nxb6 Qxb6 55. c3 Bg5 56. Rf1 Be3+ 57. Kh1 Bg5 58. Qc2 Nc4 59. Rxf7+ Kh6
60. Nf4 Ne5 61. Rf8 Qc7 62. Rh8+ Kg7 63. Ne6+ Kxh8 64. Nxc7 Kg7 65. Ne8+ Kh6
66. Nxd6 Be7 67. Nc8 c4 68. Nxe7 Nd3 69. Nc6 Ne5 70. Nxe5 Kg7 71. Qf2 Kh6 72.
Qf6 {THEDEVIL resigns} 1-0

[Event "ICS Rated blitz match"]
[Site "204.178.125.65"]
[Date "1999.08.03"]
[Round "?"]
[White "Hossa"]
[Black "THEDEVIL"]
[Result "1/2-1/2"]
[WhiteElo "2613"]
[BlackElo "2278"]
[PlyCount "136"]
[EventDate "1999.??.??"]

1. d4 c5 2. d5 e5 3. e4 d6 4. Bb5+ Bd7 5. Bxd7+ Nxd7 6. Ne2 g6 7. f4 exf4 8.
O-O Bg7 9. Rxf4 Ngf6 10. Nbc3 a6 11. Rf2 h6 12. Bf4 Qe7 13. Ng3 O-O 14. a4 b6
15. b3 Ne5 16. Qe2 Kh7 17. Raf1 Nfg4 18. Bxe5 Nxe5 19. Rf4 Qd7 20. a5 b5 21.
Qf2 Qc7 22. Nce2 Qxa5 23. Rd1 Qb6 24. Qe3 a5 25. Rc1 a4 26. bxa4 bxa4 27. Rff1
a3 28. Rb1 Qa7 29. c3 a2 30. Ra1 Rfb8 31. Nc1 Rb2 32. Qf4 Qa3 33. Nce2 Rab8 34.
Nc1 R8b7 35. Qh4 Ra7 36. Nce2 Qb3 37. Qf4 Rb1 38. Qd2 Rxf1+ 39. Nxf1 Nc4 40.
Qe1 Rb7 41. Nd2 Nxd2 42. e5 Bxe5 43. Qxd2 Qb1+ 44. Rxb1 axb1=Q+ 45. Kf2 Qf5+
46. Kg1 Rb1+ 47. Nc1 Qf4 48. Qxf4 Bxf4 49. g3 Bxc1 50. Kg2 Bb2 51. c4 Bd4 52.
g4 Rb2+ 53. Kf3 g5 54. Kg3 Kg6 55. Kf3 Rb3+ 56. Kg2 Re3 57. h3 f5 58. Kh2 f4
59. Kg2 f3+ 60. Kg3 Rc3 61. h4 Kf6 62. Kh2 Ke5 63. hxg5 hxg5 64. Kg3 Rd3 65.
Kh2 Kf4 66. Kh1 Rd1+ 67. Kh2 Rd2+ 68. Kh3 68... Be5 {Hossa stalemated} 1/2-1/2

[Event "ICS Rated blitz match"]
[Site "204.178.125.65"]
[Date "1999.08.03"]
[Round "?"]
[White "THEDEVIL"]
[Black "Hossa"]
[Result "0-1"]
[WhiteElo "2290"]
[BlackElo "2601"]
[PlyCount "26"]
[EventDate "1999.??.??"]

1. d4 d5 2. Nf3 Nf6 3. g3 e6 4. Bg2 Bb4+ 5. c3 Bd6 6. O-O Nbd7 7. b3 O-O 8. c4
dxc4 9. bxc4 c5 10. d5 Nb6 11. Nc3 Nxc4 12. e4 exd5 13. exd5 13... Re8 {
THEDEVIL resigns} 0-1

[Event "ICS Rated blitz match"]
[Site "204.178.125.65"]
[Date "1999.08.03"]
[Round "?"]
[White "THEDEVIL"]
[Black "Hossa"]
[Result "1/2-1/2"]
[WhiteElo "2277"]
[BlackElo "2610"]
[PlyCount "80"]
[EventDate "1999.??.??"]

1. d4 d5 2. Nf3 Nf6 3. g3 e6 4. Bg2 Bb4+ 5. c3 Bd6 6. O-O Nbd7 7. b3 O-O 8. Bb2
c5 9. Nbd2 Qe7 10. c4 cxd4 11. Nxd4 e5 12. Nf5 Qe6 13. Nxd6 Qxd6 14. cxd5 Nb6
15. e4 Bg4 16. f3 Bd7 17. Qe2 Rac8 18. Rac1 Rfe8 19. Qf2 Bb5 20. Rxc8 Rxc8 21.
Rc1 Rxc1+ 22. Bxc1 Qc7 23. Bb2 Nfd7 24. Qe1 Qc2 25. Qc1 Qd3 26. Qc3 Qe2 27. Bf1
Qe1 28. Nc4 Qb1 29. a3 Bxc4 30. bxc4 Na4 31. Qb3 Nxb2 32. Qxb7 Nf8 33. c5 a5
34. c6 Qc1 35. c7 Qe3+ 36. Kg2 Qd2+ 37. Kh3 Qh6+ 38. Kg2 Qd2+ 39. Kh3 Qh6+ 40.
Kg2 40... Qd2+ {Game drawn by repetition} 1/2-1/2

[Event "ICS Rated blitz match"]
[Site "204.178.125.65"]
[Date "1999.08.03"]
[Round "?"]
[White "Hossa"]
[Black "sergor"]
[Result "1-0"]
[WhiteElo "2598"]
[BlackElo "2323"]
[PlyCount "91"]
[EventDate "1999.??.??"]

1. d4 Nf6 2. c3 d5 3. Bf4 Bf5 4. e3 c6 5. Bd3 Bxd3 6. Qxd3 e6 7. Ne2 Bd6 8. Nd2
Bxf4 9. Nxf4 Nbd7 10. O-O O-O 11. e4 dxe4 12. Nxe4 Nxe4 13. Qxe4 Nf6 14. Qe5
Qb8 15. Qxb8 Raxb8 16. a4 Rfd8 17. a5 a6 18. b4 Nd5 19. Ne2 Rd7 20. g4 Rbd8 21.
Rab1 g5 22. h3 Kg7 23. Kh2 h6 24. f4 f6 25. fxg5 hxg5 26. Rf3 e5 27. dxe5 fxe5
28. Rf5 Nf4 29. Rxg5+ Kh6 30. Rxe5 Rd2 31. Re1 Rc2 32. Kg3 Nxe2+ 33. R1xe2
Rxc3+ 34. Kh4 Kg6 35. Re6+ Kf7 36. Re7+ Kf8 37. Rxb7 Rdd3 38. Rh2 Rb3 39. Rb6
Rd7 40. Rxc6 Rxb4 41. Rxa6 Rh7+ 42. Kg5 Rg7+ 43. Kh6 Rb8 44. Rb6 Ra8 45. a6 Kg8
46. Rhb2 {sergor resigns} 1-0